000 00506nam a2200193 a 4500
005 20240503063658.0
008 991125s1943 bue 000 0 spa u
035 _aUPN01000038533
049 _aCG
050 4 _aLB1025
_bM4.5 1943
100 1 _aSáinz, Fernando
245 1 3 _aEl método de proyectos /
_cFernando Sáinz.
250 _a2a ed.
260 _aBuenos Aires :
_bLosada,
_c1943.
300 _a114 p.
650 4 _aEnseñanza
_96215
650 4 _aMétodo de proyectos
_920725
905 _aLibro
999 _c38533
_d38533